000 nam a22 a 4500
999 _c483188
_d483188
003 BLK
005 20221201120011.0
008 221201b bu |||||r|||| 00| | bu d
040 _aBLK
041 _aBUL
_cBUL
080 _aЛитература
_b82
_x-98
_z82-98
139 _aКръстословици
245 _aКръстословици
_bСборник
_cА. Каназирска и др. ; Състав. А. Мурадян и др. ; Отг. ред. К. Ников
260 _9210458
_aВарна
_bГеорги Бакалов
_c1980
300 _a168 с.
_bсъс сх.
_c22 см
380 _a82
500 _aДруги авт.: А. Мурадян, А. Григоров, Б. Димов, В. Калпакчиев, Г. Бучков, Г. Пачауров, Г. Алексиев, Г. Георгиев, Г. Симеонов, Е. Цолов, Ж. Данданов, Ив. Карол, Ив. Манчев, Ив. Иванов, К. Николов, К. Ропотамски, К. Ников, Л. Кръстев, М. Керелезов, М. Кирилов, П. Петков, П. Греков, Р. Драгомански, Ст. Кръстев, С. Николов, Т. Атанасов, Хр. Лозанов, Цв. Трифонова ; Други състав.: Ж. Данданов, К. Ропотамски, К. Ников, П. Греков, С. Николов 150 120 тир.
700 _91299
_aКаназирска, Александра
_eпърви автор
700 _91478
_aМурадян, Андро
_eсъстав.
700 _9748
_aНиков, Красимир
_eотг. ред.
852 _aЦб 101778
_bЦб
856 _i0.00
_ldisable
942 _cKNG
_n0
_s1
944 _aCR
_c2022-12-01
_kВЙ